| 000 | 00650nam a22001937a 4500 | ||
|---|---|---|---|
| 005 | 20240201144622.0 | ||
| 010 | _aENG-139103 | ||
| 020 |
_a9788195355822 _c699.00 |
||
| 035 | _aEN-122635 | ||
| 037 | _bDBAD/PUB | ||
| 082 |
_aS _21 |
||
| 245 |
_aTagore and More: _bSelected Stories/ _cTranslated By Hindol Chakraborty and Pritha das |
||
| 260 |
_aDelhi _bNandy Enterprises _c2021 |
||
| 270 |
_a114-C , Pocket-A, Phase-II Mayur Vihar _bDelhi _e110091 _mnandyenterprises114@gmail.com |
||
| 300 |
_axv,316p. _c22cm(hbk) |
||
| 700 |
_aChakraborty , Hindol _eTransalated _961534 |
||
| 700 |
_aDas, Pritha _eTransalated _961535 |
||
| 942 |
_2ddc _cEN _hS _mTAG |
||
| 999 |
_c200498 _d200498 |
||